000 01088nam a2200277 a 4500
001 ebr10415700
003 CaPaEBR
006 m u
007 cr cn|||||||||
008 100930t20081982ii a sb 001 0 eng d
020 _z9788178001685
020 _z8178001683
040 _aCaPaEBR
_cCaPaEBR
035 _a(OCoLC)301151489
050 1 4 _aTK5102.9
_b.K83 2008eb
100 1 _aKuc, Roman.
245 1 0 _aIntroduction to digital signal processing
_h[electronic resource] /
_cRoman Kuc.
260 _aHyderabad [India] :
_bBS Publications,
_c2008, c1982.
300 _axii, 474 p. :
_bill.
504 _aIncludes bibliographical references and index.
533 _aElectronic reproduction.
_bPalo Alto, Calif. :
_cebrary,
_d2010.
_nAvailable via World Wide Web.
_nAccess may be limited to ebrary affiliated libraries.
650 0 _aSignal processing
_xDigital techniques.
655 7 _aElectronic books.
_2local
710 2 _aebrary, Inc.
856 4 0 _uhttp://site.ebrary.com/lib/rucke/Doc?id=10415700
_zAn electronic book accessible through the World Wide Web; click to view
999 _c86099
_d86099